Exámenes de orientación diagnóstica en la práctica médica / (Record no. 61524)

MARC details
000 -LEADER
campo de control de longitud fija 00450nam a2200145 i 4500
001 - NÚMERO DE CONTROL
campo de control 61524
003 - IDENTIFICADOR DE NÚMERO DE CONTROL
campo de control ES-MaACL
007 - CAMPO FIJO DE DESCRIPCIÓN FÍSICA--INFORMACIÓN GENERAL
campo de control de longitud fija t|
008 - DATOS DE LONGITUD FIJA--INFORMACIÓN GENERAL
campo de control de longitud fija 031112s1974 sp ||||1| spa d
245 00 - MENCIÓN DEL TÍTULO
Título Exámenes de orientación diagnóstica en la práctica médica /
Mención de responsabilidad, etc. [traducción: J. Díaz Vázquez].
260 ## - PUBLICACIÓN, DISTRIBUCIÓN, ETC.
Lugar de publicación, distribución, etc. [Madrid] :
Nombre del editor, distribuidor, etc. Paz Montalvo,
Fecha de publicación, distribución, etc. [1974]
300 ## - DESCRIPCIÓN FÍSICA
Extensión 152 p. ;
Dimensiones 19 cm.
700 1# - ENTRADA AGREGADA--NOMBRE PERSONAL
Nombre de persona Díaz Vázquez, J.
9 (RLIN) 44450
852 ## - LOCALIZACIÓN
Ubicación ES-MaACL
Número de control de estantería E-5424
Sublocalización o colección R.89620
Holdings
Estatus retirado Estado de pérdida Estado de daño No para préstamo Biblioteca de origen Biblioteca actual Ubicación en estantería Fecha de adquisición Fuente de adquisición Total de préstamos Signatura topográfica completa Código de barras Visto por última vez Precio de reemplazo Tipo de ítem Koha
        Biblioteca del Ateneo de Madrid Biblioteca del Ateneo de Madrid Depósito 2 17/01/2008     E-5424 1064509 23/02/2023 23/02/2023 Libro impreso